Հեքիաթներ և պատմվածքներ / (Record no. 132931)
[ view plain ]
| 000 -LEADER | |
|---|---|
| fixed length control field | 00918nam a2200229 a 4500 |
| 001 - CONTROL NUMBER | |
| control field | 000348346 |
| 003 - CONTROL NUMBER IDENTIFIER | |
| control field | AM-YeHGA |
| 005 - DATE AND TIME OF LATEST TRANSACTION | |
| control field | 20250618072159.0 |
| 008 - FIXED-LENGTH DATA ELEMENTS--GENERAL INFORMATION | |
| fixed length control field | 040701s1979 ai |||||r|||||||||d|arm|d |
| 040 ## - CATALOGING SOURCE | |
| Original cataloging agency | AM-YeHGA |
| 041 0# - LANGUAGE CODE | |
| Language code of text/sound track or separate title | arm |
| 090 ## - LOCALLY ASSIGNED LC-TYPE CALL NUMBER (OCLC); LOCAL CALL NUMBER (RLIN) | |
| -- | 134298 |
| 100 1# - MAIN ENTRY--PERSONAL NAME | |
| Personal name | Սանահյան, Օլգա Հարությունի, |
| Dates associated with a name | 1920-2013 |
| 9 (RLIN) | 2345 |
| 245 10 - TITLE STATEMENT | |
| Title | Հեքիաթներ և պատմվածքներ / |
| Statement of responsibility, etc. | Օ. Սանահյան ; Խմբ.՝ Ռ.Հ. Քալաշյան ; Նկ.՝ Ա. Բայանդուր. |
| 260 ## - PUBLICATION, DISTRIBUTION, ETC. | |
| Place of publication, distribution, etc. | Երևան : |
| Name of publisher, distributor, etc. | Սովետական գրող, |
| Date of publication, distribution, etc. | 1979. |
| 300 ## - PHYSICAL DESCRIPTION | |
| Extent | 92 էջ : |
| Other physical details | գունանկ. |
| 650 14 - SUBJECT ADDED ENTRY--TOPICAL TERM | |
| Topical term or geographic name entry element | Հայ մանկական գրականություն |
| General subdivision | Պատմվածք |
| 650 14 - SUBJECT ADDED ENTRY--TOPICAL TERM | |
| Topical term or geographic name entry element | Հայ մանկական գրականություն |
| General subdivision | Հեքիաթ |
| 700 1# - ADDED ENTRY--PERSONAL NAME | |
| Personal name | Քալաշյան, Ռ.Հ. |
| Relator term | խմբ. |
| Relationship | edt |
| 700 1# - ADDED ENTRY--PERSONAL NAME | |
| Personal name | Բայանդուր, Աշոտ, |
| Dates associated with a name | 1947-2003 |
| Relator term | նկ. |
| Relationship | art |
| 9 (RLIN) | 3176 |
| 942 ## - ADDED ENTRY ELEMENTS (KOHA) | |
| Source of classification or shelving scheme | Universal Decimal Classification |
| Koha item type | Գրքեր / Books |
| Withdrawn status | Lost status | Source of classification or shelving scheme | Damaged status | Not for loan | Collection | Home library | Current library | Date acquired | Total checkouts | Full call number | Barcode | Date last seen | Price effective from | Koha item type | Public note |
|---|---|---|---|---|---|---|---|---|---|---|---|---|---|---|---|
| Universal Decimal Classification | General | Fundamental Scientific Library | Fundamental Scientific Library | 22/12/2016 | AII/62955 | 220062955 | 22/12/2016 | 22/12/2016 | Գրքեր / Books | 30 Days Loan |
ՀՀ Գիտությունների ազգային ակադեմիայի հիմնարար գիտական գրադարան = Fundamental Scientific Library of NAS RA
All site content, except where otherwise noted, is licensed under a